000 00916nam a2200277 i 4500
001 15166
003 ES-MaACL
005 20230906151015.0
007 t|
008 000111s1999 sp ao |||| |dspa d
017 _aMA 556-1999
020 _a84-7785-316-9
080 _a821.134.2 Chacel, Rosa 7 Barrio de Maravillas.07
100 1 _aFoncea Hierro, Isabel.
_951489
245 1 0 _a"Barrio de Maravillas", de Rosa Chacel: claves y símbolos /
_cIsabel Foncea Hierro.
260 _aMálaga :
_bCentro Cultural Generación del 27,
_c1999.
300 _a356 p. :
_bil. ;
_c22 cm.
490 1 _aEl paraíso desdeñado ;
_v10
500 _a"Tomo I"
600 1 4 _aChacel, Rosa,
_d1898-1994.
_937753
_tBarrio de Maravillas
710 2 _aCentro Cultural Generación del 27.
_92582
830 0 _aEl paraíso desdeñado ;
_v10
_9179487
852 4 _a BA
_jL-22445
942 _2udc
999 _c15166
_d15166